| LEADER |
00788nam0a2200205 450 |
| 001 |
16815632 |
| 010 |
|
|
|a 978-2-07-065249-5
|b br.
|d 12
|
| 100 |
|
|
|a 20130326d2026 u u0frey01 ba
|
| 101 |
0 |
|
|a fre
|
| 102 |
|
|
|a FR
|
| 200 |
0 |
|
|a cerise sur le gâteau (La)
|f Jean-Philippe Arrou-Vignod
|g illustré par Dominique Corbasson
|
| 207 |
|
1 |
|a
|
| 210 |
|
|
|a Paris Cedex 07
|b 5, rue Sebastien-Bottin
|c Gallimard jeunesse
|d DL 2013
|
| 215 |
|
|
|a 1 vol. (177 p.)
|c ill., couv. ill. en coul.
|d 21 cm
|
| 225 |
1 |
|
|a Histoires des Jean-Quelque-Chose
|
| 461 |
|
0 |
|t Histoires des Jean-Quelque-Chose
|
| 700 |
|
0 |
|a Arrou-Vignod
|b Jean-Philippe
|f 1958-....
|4 70
|
| 900 |
|
|
|a Roman enfant
|
| 901 |
|
|
|a Accessible au prêt
|
| 995 |
|
|
|a Bibliothèque
|c Bibliothèque
|f 024013730
|h 024013730
|k E C3 ARR
|o p
|q j
|r az
|e Bibliothèque
|